United States trade with Puerto Rico and with United States Passassions Ft. 800

Enregistré dans:
Détails bibliographiques
Format: Publication en série
Langue:anglais
Publié: Washington U.S. Department of Commerce 1966
Tags: Ajouter un tag
Pas de tags, Soyez le premier à ajouter un tag!

MARC

LEADER 00000nas2a2200000$$$4500
001 0010781
005 20250730114257.8
041 0 |a eng 
044 |a US 
245 1 0 |a United States trade with Puerto Rico and with United States Passassions  |b Ft. 800 
264 1 |a Washington  |b U.S. Department of Commerce  |c 1966 
300 |a 1 zv. 
773 0 |w eu_un_cat*0010779